000 00547nam a22001697a 4500
003 OSt
005 20250709013954.0
008 250618b |||||||| |||| 00| 0 eng d
020 _a971-575-010-9
040 _aDWCL - Main lib
_cOC
082 _aFil. 246.55 E21 1999
100 _aVillegas, Socrates B.
245 _aEdsa Shrines:
_bGod's gift, our mission/
_cSocrates B. Villegas
260 _aManila, Philippines:
_bRoman Catholic Archdiocese of Manila,
_cc1999.
300 _a161 pages:
_billustrations
_c31 cm.
942 _2ddc
_cBK - FIL
_kFil.
_n0
999 _c3125
_d3125